questions random harry potter - Statistiques

Statistiques générales
  • Ce quiz a été pris 93 fois
  • Le résultat moyen est 7 sur 14
Statistiques - réponses
Hint Réponse % Correct
qui a tué Mimi Geignarde ? le basilic
88%
prénom de Rusard ? Argus
81%
qui tue Bellatrix Lestrange ? Molly Weasley
81%
dans HP3, combien de tours sont nécessaires pour sauver Buck et Sirius ? 3
75%
comment s'appelle la sœur de la championne de Beauxbâtons ? Gabrielle Delacour
60%
qui tire les calèches de Poudlard ? les sombrals
60%
année d'ouverture de la boutique des jumeaux Weasley ? 1996
52%
nom complet de Albus Dumbledore ? Albus Perceval Wulfric Brian Dumbledore
44%
patronus de Hermione ? une loutre
40%
Qui est l'actrice qui incarne Luna Lovegood ? Evanna Lynch
32%
comment s'appelle le prof de DCFM en dernière année ? Les carrow
29%
date de la bataille de Poudlard ? 2 mai 1998
21%
qui était l'acteur de Dumbledore dans HP1 ? Richard Harris
21%
nombres d'escaliers à Poudlard ? 142
19%
Aucun quiz correspondant
Distribution des résultats
% des personnes avec chaque résultat
Percentile par nombre de réponses
Votre historique - résultats
Vous n’avez pas pris ce quiz